On This Day: February 17th II Quiz Stats

 Plays Quiz Updated Feb 26, 2019

Score 0/7 Timer 03:00
0 Plays Today
Question Answer Wrong Answers
In Springfield, Massachusetts, this Hall of Fame opens.
1968
Naismith Memorial Basketball
78.3%
Country Music
6.2%
Television
10.7%
International Space
3.4%
This English singer-songwriter, known for hits like ‘Shape of You’ and ‘Castle on the Hill’, is born.
1991
Ed Sheeran
74.8%
Sam Smith
10.2%
Shawn Mendes
4.7%
Harry Styles
8.1%
This Balkan state declares independence. Since then, the legality of the declaration has been disputed.
2008
Kosovo
61%
Serbia
13.9%
Montenegro
11.7%
North Macedonia
11%
This war, part of both the Third Indochina War and Cold War, begins.
1979
Sino-Vietnamese War
56.5%
Korean War
10.7%
Chinese Civil War
6.1%
First Chechen War
24.8%
An electoral tie is resolved when the US House of Representatives elects Thomas Jefferson President and this man Vice President.
1801
Aaron Burr
51.6%
James Madison
24.3%
Alexander Hamilton
20.3%
John Jay
3.7%
This capital of South Carolina is burned as Confederate forces flee from advancing Union forces.
1865
Columbia
50.2%
Charleston
45.2%
Greenville
2.3%
Summerville
1.7%
______ begins his term as the first President of Israel.
1949
Chaim Weizmann
33.2%
Yitzhak Ben-Zvi
48.4%
Zalman Shazar
10.5%
Ephraim Katzir
6.9%

You're not logged in!

Compare scores with friends on all Sporcle quizzes.
OR
Log In

Sporcle TV

Today on Sporcle TV


Watch our educational content, quiz creation guides, and fun videos on Sporcle TV.

Show Comments

Extras

Top Quizzes Today


Score Distribution

Your Account Isn't Verified!

In order to create a playlist on Sporcle, you need to verify the email address you used during registration. Go to your Sporcle Settings to finish the process.

Report this User

Report this user for behavior that violates our Community Guidelines.

Details: